000 00254nam a2200109Ia 4500
008 200302s9999 xx 000 0 und d
100 _aJo Finnis
245 _aPaint Effects
260 _bTiger Books International Inc.
260 _c1993
300 _a60 P.,
999 _c1441
_d1441